000 00595nam a2200229Ia 4500
003 OSt
005 20220928144028.0
006 a|||||r|||| 00| 0
007 ta
008 220927b |||||||| |||| 00| 0 eng d
024 _a23673
037 _cTextual
040 _aSDCL
_cSDCL
_beng
041 _2eng
_aeng
082 _aX9:8, P3
100 _aJones Rob
_9506424
245 0 _aRetail therapy
_b Making strategic relationship work
260 _c2003
700 _a Murphy Dan
_9506425
942 _hX9:8, P3
_cTEXL
_2CC
999 _c825618
_d825618